Word Ladder: Spice Twice Quiz Stats

 Plays Quiz Updated Sep 13, 2015

Challenge
Share
Tweet
Embed
Score 0/22 Timer 02:00
0 Plays Today
Hint Word % Correct
Ringwald or ShannonMOLLY
90.3%
Largest water mammalWHALE
84.3%
Covered with fungusMOLDY
83.7%
First cloned sheepDOLLY
83.7%
Lift and transportCARRY
82.2%
Curb Your Enthusiasm's _____ DavidLARRY
81.4%
With [Rung 5], a concern about INDIAN FOOD~ CURRY ~
80.9%
Window bottomsSILLS
77.4%
British truckLORRY
76.4%
Skinniest South American countryCHILE
74.4%
An indefinite period of timeWHILE
72.7%
Hint Word % Correct
SullenMOODY
72.2%
Hands over in exchange for moneySELLS
70.7%
Soft rock that splits easilySHALE
68.9%
Guthrie of folk musicWOODY
63.8%
With [Rung 13], a goofy HOT PEPPER ~ CHILI ~
59.4%
Crofts' musical partnerSEALS
58.4%
LoquaciousWORDY
56.5%
With [Rung 1], a CONCERN about Indian food~ WORRY ~
54.6%
With [Rung 22], a GOOFY hot pepper~ SILLY ~
54.1%
HumdingerDILLY
48.8%
Black Panther Party founder Bobby_____SEALE
46.8%

Today's Daily Dose

You're not logged in!

Compare scores with friends on all Sporcle quizzes.
Join for Free
OR
Log In

You Might Also Like...

Show Comments

Extras

Top Quizzes Today


Score Distribution

Your Account Isn't Verified!

In order to create a playlist on Sporcle, you need to verify the email address you used during registration. Go to your Sporcle Settings to finish the process.

Report this User

Report this user for behavior that violates our Community Guidelines.

Details: